| 000 | 03096nam a2200373 a 4500 | ||
|---|---|---|---|
| 001 | ebr10178086 | ||
| 003 | CaPaEBR | ||
| 006 | m u | ||
| 007 | cr cn||||||||| | ||
| 008 | 060103s2007 nyuab sb 001 0 eng | ||
| 010 | _z 2006000016 | ||
| 015 |
_aGBA644551 _2bnb |
||
| 016 | 7 |
_z013459395 _2Uk |
|
| 020 | _z0765616491 (cloth : alk. paper) | ||
| 020 | _z9780765616494 (cloth : alk. paper) | ||
| 020 | _z9780765616494 | ||
| 040 |
_aCaPaEBR _cCaPaEBR |
||
| 035 | _a(OCoLC)191932966 | ||
| 043 | _aa-ja--- | ||
| 050 | 1 | 4 |
_aDS889.5 _b.C68 2007eb |
| 082 | 0 | 4 |
_a327.52 _222 |
| 100 | 1 | _aCooney, Kevin J. | |
| 245 | 1 | 0 |
_aJapan's foreign policy since 1945 _h[electronic resource] / _cKevin Cooney. |
| 260 |
_aArmonk, N.Y. : _bM.E. Sharpe, Inc., _cc2007. |
||
| 300 |
_axx, 295 p. : _bill., maps. |
||
| 500 | _a"An East gate book." | ||
| 504 | _aIncludes bibliographical references (p. 271-286) and index. | ||
| 505 | 0 | _aIntroduction: the story of Japan after World War II -- The catalyst for change -- The problem and the questions -- The literature -- Elite Interviews -- The variables -- Objectives and expected significance of the book -- Ouline of the book -- The legacy of the occupation: an abnormal foreign policy -- Historical background -- Japanese foreign and security policy 1952-1990 -- The Gulf War requires change -- The Gulf War and Japanese foreign policy -- The peace keeping operations law (PKO) -- Towards a security council seat and beyond -- Theorectically speaking: realism and alternative security -- Japanese limitations -- Alternative security -- The theoretical foundations of foreign policy restructing -- Alternative views of Japanese security -- Foreign-policy restructuring in Japan -- A model of foreign-policy restructuring -- Talking to the policy makers themselves -- What are the foreign-policy makers thinking -- Planning for Japan's future security -- Japan's national security -- Abandonment -- Japan's options -- The myth of Gaiatsu: how Japan views its place in the world -- Adjusting to the post-cold war world -- Gaiatsu -- The myth of Gaiatsu -- What is Japan doing? -- Triangulating politics: America, China, and Japan -- The China question -- The question of North Korea -- Japanese policy: action and reaction -- Where is Japan going? -- The wide view of Japanese security -- Future sources of foreign policy: the diet -- Constitutional reform: potential for constitutional revision -- The SDF in Japanese foreign policy -- World leadership -- Japan's limitations -- Japanese hegemony? -- Japan's future -- Suggestions for foreign policy normalization -- Implications for Hermann's model: what have we learned?. | |
| 533 |
_aElectronic reproduction. _bPalo Alto, Calif. : _cebrary, _d2013. _nAvailable via World Wide Web. _nAccess may be limited to ebrary affiliated libraries. |
||
| 651 | 0 |
_aJapan _xForeign relations _y1945- |
|
| 655 | 7 |
_aElectronic books. _2local |
|
| 710 | 2 | _aebrary, Inc. | |
| 856 | 4 | 0 |
_uhttp://site.ebrary.com/lib/rucke/Doc?id=10178086 _zAn electronic book accessible through the World Wide Web; click to view |
| 999 |
_c140655 _d140655 |
||